| 000 | 01896cam a2200373 a 4500 | ||
|---|---|---|---|
| 001 | 4416959 | ||
| 003 | OSt | ||
| 005 | 20160324152546.0 | ||
| 008 | 931108s1994 enkab b 101 0 eng | ||
| 010 | _a 93043593 | ||
| 020 | _a0521574226 | ||
| 035 | _a(DLC) 93043593 | ||
| 040 |
_aDLC _cDLC _dDLC _dWaU _dDLC |
||
| 050 | 0 | 0 |
_aQH541.15.R45 _bR55 1994 |
| 082 | 0 | 0 |
_a333.9 _220 _bRES 1994 |
| 245 | 0 | 0 |
_aRestoration of endangered species : _bconceptual issues, planning, and implementation / _cedited by Marlin L. Bowles and Christopher J. Whelan. |
| 260 |
_aCambridge [England] ; _aNew York : _bCambridge University Press, _c1994. |
||
| 300 |
_axiii, 394 p. : _bill., maps ; _c24 cm. |
||
| 500 | _aPapers from a Symposium on Recovery and Restoration of Endangered Plants and Animals organized for the Second Annual Conference of the Society for Ecological Restoration held in Chicago, Ill., 1990. | ||
| 504 | _aIncludes bibliographical references and indexes. | ||
| 650 | 0 |
_aWildlife recovery _vCongresses. _97450 |
|
| 650 | 0 |
_aEndangered species _vCongresses. _97451 |
|
| 650 | 0 |
_aRestoration ecology _vCongresses. _97452 |
|
| 650 | 0 |
_aNature conservation _xCongresses. _97453 |
|
| 700 | 1 |
_aBowles, Martin L. _97454 |
|
| 700 | 1 |
_aWhelan, Christopher J. _q(Christopher John), _d1958- _97455 |
|
| 710 | 2 |
_aSociety for Ecological Restoration. _bConference _n(2nd : _d1990 : _cChicago, Ill.) _97456 |
|
| 711 | 2 |
_aSymposium on the Recovery and Restoration of Endangered Plants and Animals _d(1990 : _cChicago, Ill.) _97457 |
|
| 856 | 4 | 2 |
_3Publisher description _uhttp://www.loc.gov/catdir/description/cam026/93043593.html |
| 856 | 4 | 1 |
_3Table of contents _uhttp://www.loc.gov/catdir/toc/cam026/93043593.html |
| 906 |
_a7 _bcbc _corignew _d1 _eocip _f19 _gy-gencatlg |
||
| 942 |
_2ddc _cSLOAN |
||
| 999 |
_c3327 _d3327 |
||